Tribal movements in India / (Record no. 136739)
[ view plain ]
| 000 -LEADER | |
|---|---|
| fixed length control field | 00635nam a22002057a 4500 |
| 010 ## - LIBRARY OF CONGRESS CONTROL NUMBER | |
| LC control number | B-024067 |
| 035 ## - SYSTEM CONTROL NUMBER | |
| System control number | B-024067 |
| 037 ## - SOURCE OF ACQUISITION | |
| Source of stock number/acquisition | Cen Lib / Ret |
| 040 ## - CATALOGING SOURCE | |
| Original cataloging agency | DPL |
| Language of cataloging | EN |
| 082 ## - DEWEY DECIMAL CLASSIFICATION NUMBER | |
| Classification number | 307.772 |
| Item number | SIN |
| 245 ## - TITLE STATEMENT | |
| Title | Tribal movements in India / |
| Statement of responsibility, etc | edited by K. S. Singh |
| 260 ## - PUBLICATION, DISTRIBUTION, ETC. (IMPRINT) | |
| Place of publication, distribution, etc | New Delhi |
| Name of publisher, distributor, etc | Manohar |
| Date of publication, distribution, etc | 1982 |
| 270 ## - ADDRESS | |
| Address | 1 Ansari Road, Darya Ganj |
| City | New Delhi |
| Postal code | 110002 |
| 300 ## - PHYSICAL DESCRIPTION | |
| Extent | (v 2. ix, 414p) |
| Other physical details | 24cm(Hb) |
| 650 ## - SUBJECT ADDED ENTRY--TOPICAL TERM | |
| Topical term or geographic name as entry element | Ethnicity -- India. |
| 650 ## - SUBJECT ADDED ENTRY--TOPICAL TERM | |
| Topical term or geographic name as entry element | India -- Scheduled tribes -- Political activity. |
| 650 ## - SUBJECT ADDED ENTRY--TOPICAL TERM | |
| Topical term or geographic name as entry element | India -- Ethnic relations. |
| 700 ## - ADDED ENTRY--PERSONAL NAME | |
| Personal name | K. S. Singh |
| 942 ## - ADDED ENTRY ELEMENTS (KOHA) | |
| Source of classification or shelving scheme | Dewey Decimal Classification |
| Koha item type | English Books |
| Classification part | 307.772 |
| Call number suffix | SIN |
| Withdrawn status | Lost status | Source of classification or shelving scheme | Materials specified (bound volume or other part) | Damaged status | Not for loan | Home library | Current library | Date acquired | Source of acquisition | Total Checkouts | Full call number | Barcode | Date last seen | Copy number | Price effective from | Koha item type |
|---|---|---|---|---|---|---|---|---|---|---|---|---|---|---|---|---|
| Dewey Decimal Classification | v 2 | Central Library | Central Library | 08/03/2016 | Cen Lib/Ret | 307.772 SIN | B-024067 | 08/03/2016 | 1 | 08/03/2016 | English Books |
